00662nam a2200181 a 450000100100000000500170001000800410002704000250006808200150009310000410010824500980014926000370024730000280028450400280031204900090034095201140034999900170046300002439720200930022953.0110127s1997 dr a 000 0 spa d aDO-SdBNPbspacBNPHU axxxbH557e1 aHernández Tejada, Margarita95002710aEducando para la paz :bformación social, moral y cívica /cMargarita Hernández Tejada. aSanto Domingo :bSusaeta,c1997. a168 p. :bil. ;c28 cm. aBibliografía : p. 168 aBNPD 00107-18PDaPDbPDcOId2011-01-27iLF1l0oxxx H557ep24397-10r2020-06-25w2020-06-25yLFPDZNo se presta c23890d23890